Paroles: On m'appelle Fuze III - Fuze III - Statistiques

Statistiques générales
  • Ce quiz a été pris 43 fois
  • Le résultat moyen est 101 sur 219
Statistiques - réponses
Paroles % Correct
m'
100%
On
100%
à
94%
a
94%
Fuze III
90%
ma
90%
m'appelle
84%
J'
71%
j'
71%
l'
68%
la
61%
La
61%
de
58%
je
58%
Je
58%
le
58%
Minecraft
58%
ai
55%
des
55%
Des
55%
les
48%
Les
48%
suis
48%
base
45%
me
45%
dans
42%
défonce
39%
faune
39%
mon
39%
pas
39%
Qu'
39%
que
39%
bases
35%
ce
35%
chanter
35%
creeper
35%
est
35%
joue
35%
Mes
35%
spawn
35%
Un
35%
un
35%
va
35%
cherche
32%
explose
32%
joueur
32%
Jul
32%
Mais
32%
parages
32%
pose
32%
stuff
32%
Sur
32%
sur
32%
aime
29%
ça
29%
faut
29%
jeu
29%
parti
29%
plus
29%
pour
29%
squatte
29%
très
29%
Y a
29%
Donc
26%
fais
26%
grand
26%
peu
26%
progresse
26%
sont
26%
thunes
26%
10
23%
15
23%
ans
23%
arreter
23%
Autotune
23%
avouer
23%
C'est
23%
chose
23%
droit
23%
fois
23%
heure
23%
rageux
23%
secondes
23%
si
23%
sortent
23%
vais
23%
vaut
23%
vérité
23%
vidéos
23%
volé
23%
bleus
19%
chez
19%
coiffeur
19%
Devraient
19%
drawer
19%
j'aille
19%
laisser
19%
Neptune
19%
pouces
19%
réclamer
19%
sais
19%
j'pense
16%
armes
13%
assumer
13%
autant
13%
facile
13%
malheurs
13%
marcher
13%
passées
13%
peter
13%
Pourquoi
13%
barrer
10%
chanson
10%
claquée
10%
devoir
10%
farms
10%
leurs
10%
repris
10%
tellement
10%
toutes
10%
déjà
6%
sens
6%
trop
6%
faire
3%
peux
0%
quand
0%
Aucun quiz correspondant
Distribution des résultats
% des personnes avec chaque résultat
Percentile par nombre de réponses
Votre historique - résultats
Vous n’avez pas pris ce quiz